LEADER 01426nam a2200289 u 4500 001 000000016176 003 CaOOAMICUS 005 20070226105950.0 008 940805s1930 it u000 u lat u 035 $a10379272 040 $aPUL$bita 100 1 $aCaesar, Gaius Iulius,$d100-44 a.C.$0(OLS)http://pul/name/14745 240 10$aDe bello Gallico$9(Caesar, Gaius Iulius, 100-44 a.C.).$0(OLS)http://pul/title/23092 245 10$aC. Iulii Caesaris Commentarii de bello gallico /$cAd fidem praecipue codicis neapolitani nunc primum excussi, edidit, praefatus est, appendice critica instruxit Dominicus Bassi. 260 $aAug. Taurinorum :$bin aedibus Io. Bapt. Paraviae et sociorum,$c1930. 300 $axi, 282 p. ;$c19 cm 490 1 $aCorpus scriptorum Latinorum Paravianum ;$v28 500 $a"Prima ristampa". 830 0$aCorpus scriptorum Latinorum Paravianum ;$v28.$0(OLS)http://pul/title/1509 850 $aPUL 852 $aPUL$W1$xDP1 Fondo Ciprotti$y59$m1546 G 21$j22799$nBK-PRI$b $qFondi$B22799$CPULBib$Z2$F22799 $H $81 900 $aCesare, Caio Giulio,$d100-44a.C.$914745 900 $aGiulio Cesare,$d100-44 a.C.$914745 941 1 $a1 961 $aINV: F.CIPROTTI 996 $6245$aC. Iulii Caesaris Commentarii de bello gallico$9(OLS)http://pul/title/23093 996 $6260$aAug. Taurinorum :$bin aedibus Io. Bapt. Paraviae et sociorum$9(OLS)http://pul/publisher/48473 LEADER 01707nam a2200337 a 4500 001 000000174535 003 CaOOAMICUS 005 20210604132654.0 008 210604s2019 it 100 u ita r 020 $a978-88-9313-098-1* 032 $aLibriCat 040 $aPUL$bita 082 04$a281.9 110 0 $aPatriarcato Ecumenico di Costantinopoli.$0(OLS)http://pul/name/112164 245 10$aLogos sinodale : $bla missione della Chiesa ortodossa nel mondo contemporaneo. I documenti del santo e del grande Sinodo della Chiesa ortodossa, Creta 2016 /$cPatriarcato Ecumenico di Costantinopoli; introduzione di Archim. Evangelos Yfantidis. 260 $aTrieste :$bAsterios editore,$cİ2019. 300 $a104 p. ;$c21 cm 490 1 $aLo stato della Chiesa 504 $aBibliografia in nota. 650 4$aEcumenismo$ySec. XX.$0(OLS)http://pul/subject/25144 650 4$aChiese cristiane e dialogo ecumenico.$0(OLS)http://pul/subject/33258 700 1 $aYfantidis, Evangelos,$d1975-$0(OLS)http://pul/name/87792 830 3$aLo stato della Chiesa.$0(OLS)http://pul/title/215829 850 $aPUL 852 $aPUL$W1$xDP2 Religione 3$y114$m281. 9 PEDIC 1$j198851$qDDC 21$B203478$CPULBib$Z2$F203478 $H134980 $82 941 1 $a9 996 $6020$a978-88-9313-098-1*$9(OLS)http://pul/number/168179 996 $6082$a281.9$9(OLS)http://pul/classification/1793 996 $6245$aLogos sinodale : $bla missione della Chiesa ortodossa nel mondo contemporaneo. I documenti del santo e del grande Sinodo della Chiesa ortodossa, Creta 2016$9(OLS)http://pul/title/215828 996 $6260$aTrieste :$bAsterios editore$9(OLS)http://pul/publisher/87364